<?xml version="1.0" encoding="UTF-8"?>
<record
    xmlns:xsi="http://www.w3.org/2001/XMLSchema-instance"
    xsi:schemaLocation="http://www.loc.gov/MARC21/slim http://www.loc.gov/standards/marcxml/schema/MARC21slim.xsd"
    xmlns="http://www.loc.gov/MARC21/slim">

  <leader>02503nam a2200349 a 4500</leader>
  <controlfield tag="001">000013799</controlfield>
  <controlfield tag="003">DO-SdBPM</controlfield>
  <controlfield tag="005">20250624092227.0</controlfield>
  <controlfield tag="008">091130s2005    dr    001 e spa d</controlfield>
  <datafield tag="020" ind1=" " ind2=" ">
    <subfield code="a">999344233X</subfield>
  </datafield>
  <datafield tag="040" ind1=" " ind2=" ">
    <subfield code="a">DO-SdBPM</subfield>
    <subfield code="b">spa</subfield>
    <subfield code="c">BPMSU</subfield>
    <subfield code="d">rda</subfield>
  </datafield>
  <datafield tag="082" ind1=" " ind2="4">
    <subfield code="a">RD864.44</subfield>
    <subfield code="b">S194d 2005</subfield>
    <subfield code="2">22</subfield>
  </datafield>
  <datafield tag="100" ind1="1" ind2=" ">
    <subfield code="a">S&#xE1;nchez, Enriquillo,</subfield>
    <subfield code="d">1947-2004</subfield>
    <subfield code="e">autor </subfield>
  </datafield>
  <datafield tag="245" ind1="1" ind2="0">
    <subfield code="a">Devo[ra]ciones /</subfield>
    <subfield code="c">Enriquillo S&#xE1;nchez ; editor Jos&#xE9; M. Fern&#xE1;ndez Peque&#xF1;o ; presentaci&#xF3;n Alejandro Arvelo.</subfield>
  </datafield>
  <datafield tag="260" ind1=" " ind2=" ">
    <subfield code="b"> </subfield>
    <subfield code="c"> </subfield>
  </datafield>
  <datafield tag="264" ind1=" " ind2=" ">
    <subfield code="a">Santo Domingo :</subfield>
    <subfield code="b">Comisi&#xF3;n Permanente de la Feria del Libro,</subfield>
    <subfield code="c">2005</subfield>
  </datafield>
  <datafield tag="300" ind1=" " ind2=" ">
    <subfield code="a">217 p&#xE1;ginas. ;</subfield>
    <subfield code="c">23 cm.</subfield>
  </datafield>
  <datafield tag="336" ind1=" " ind2=" ">
    <subfield code="a">texto</subfield>
    <subfield code="b">txt</subfield>
    <subfield code="2">rdacontent</subfield>
  </datafield>
  <datafield tag="337" ind1=" " ind2=" ">
    <subfield code="a">sin mediaci&#xF3;n</subfield>
    <subfield code="b">n</subfield>
    <subfield code="2">rdamedia</subfield>
  </datafield>
  <datafield tag="338" ind1=" " ind2=" ">
    <subfield code="a">volumen</subfield>
    <subfield code="b">nc</subfield>
    <subfield code="2">rdacarrier</subfield>
  </datafield>
  <datafield tag="490" ind1="0" ind2=" ">
    <subfield code="a">Ediciones Ferilibro</subfield>
    <subfield code="v">69</subfield>
  </datafield>
  <datafield tag="500" ind1=" " ind2=" ">
    <subfield code="a">Incluye datos biogr&#xE1;ficos del autor en la solapa de la cubierta.</subfield>
  </datafield>
  <datafield tag="505" ind1="0" ind2=" ">
    <subfield code="g">Presentaci&#xF3;n /</subfield>
    <subfield code="r">Alejandro Arvelo --</subfield>
    <subfield code="t">Las devoraciones de un escritor /</subfield>
    <subfield code="r">Basilio Beliard --</subfield>
    <subfield code="t">A los lectores de ayer, a los lectores de hoy --</subfield>
    <subfield code="t">&#xBF;Est&#xE1; en peligro el modelo pol&#xED;tico dominicano? --</subfield>
    <subfield code="t">Contempor&#xE1;neos del planeta --</subfield>
    <subfield code="t">&#xBF;Realismo m&#xE1;gico urbano? --</subfield>
    <subfield code="t">Los borrachos, los gallos, la noche --</subfield>
    <subfield code="t">Publicidad y "modelo" pol&#xED;tico --</subfield>
    <subfield code="t">Pedro de Am&#xE9;rica --</subfield>
    <subfield code="t">Consumidores, consumadores --</subfield>
    <subfield code="t">Los cotos cerrados --</subfield>
    <subfield code="t">No llores por m&#xED; Argentina --</subfield>
    <subfield code="t">Trujillo: nostalgia, lenguaje, catarsis, confesi&#xF3;n --</subfield>
    <subfield code="t">Elogio y lectura de la batata y el conc&#xF3;n quemao --</subfield>
    <subfield code="t">Borges, Neruda, Garc&#xED;a M&#xE1;rquez --</subfield>
    <subfield code="t">De periodismo, malas pulgas y literatura --</subfield>
    <subfield code="t">Centelleantes escolios de autograf&#xED;a po&#xE9;tica --</subfield>
    <subfield code="t">Balaguer y los vencidos, Balaguer y la eternidad --</subfield>
    <subfield code="t">El objeto absoluto --</subfield>
    <subfield code="t">La dominican&#xED;a --</subfield>
    <subfield code="t">Rel&#xE1;mpagos dormidos --</subfield>
    <subfield code="t">Trece t&#xE9;sis sobre la incruenta y discreta muerte de los intelectuales --</subfield>
    <subfield code="t">La sociedad de consumaci&#xF3;n --</subfield>
    <subfield code="t">Duarte y Trujillo --</subfield>
    <subfield code="t">Flaubert y la escritura --</subfield>
    <subfield code="t">Pedro Henr&#xED;quez Ure&#xF1;a: entre la persecuci&#xF3;n y la hagiograf&#xED;a --</subfield>
    <subfield code="t">La yola en el coraz&#xF3;n --</subfield>
    <subfield code="t">Condenados a ser dominicanos --</subfield>
    <subfield code="t">Par&#xED;s, ese juguete --</subfield>
    <subfield code="t">Boleros, bachatas y t&#xED;gueres --</subfield>
    <subfield code="t">La lluvia y la literatura --</subfield>
    <subfield code="t">La ley de Hemingway --</subfield>
    <subfield code="t">El zapping a pedir de boca --</subfield>
    <subfield code="t">La ley de Gabo.</subfield>
  </datafield>
  <datafield tag="590" ind1=" " ind2=" ">
    <subfield code="a">Inventariado, 2025/VM</subfield>
  </datafield>
  <datafield tag="650" ind1=" " ind2="7">
    <subfield code="a">Ensayos dominicanos</subfield>
  </datafield>
  <datafield tag="650" ind1=" " ind2="7">
    <subfield code="a">Literatura dominicana.</subfield>
  </datafield>
  <datafield tag="700" ind1="1" ind2=" ">
    <subfield code="a">Fern&#xE1;ndez Peque&#xF1;o, Jos&#xE9; M.,</subfield>
    <subfield code="e">editor </subfield>
  </datafield>
  <datafield tag="700" ind1="1" ind2=" ">
    <subfield code="a">Arvelo, Alejandro,</subfield>
    <subfield code="e">presentaci&#xF3;n </subfield>
  </datafield>
  <datafield tag="710" ind1="2" ind2=" ">
    <subfield code="a">Rep&#xFA;blica Dominicana.</subfield>
    <subfield code="b">Direcci&#xF3;n General de la Ferial  del Libro </subfield>
  </datafield>
  <datafield tag="910" ind1=" " ind2=" ">
    <subfield code="a">VMateo V. Control de calidad BPMSU</subfield>
  </datafield>
  <datafield tag="942" ind1=" " ind2=" ">
    <subfield code="2">ddc</subfield>
    <subfield code="c">BK</subfield>
  </datafield>
  <datafield tag="952" ind1=" " ind2=" ">
    <subfield code="0">0</subfield>
    <subfield code="1">0</subfield>
    <subfield code="2">ddc</subfield>
    <subfield code="7">0</subfield>
    <subfield code="8">CD</subfield>
    <subfield code="a">BPMET</subfield>
    <subfield code="b">BPMET</subfield>
    <subfield code="d">2025-06-24</subfield>
    <subfield code="l">0</subfield>
    <subfield code="o">BPMSU CD RD864.44 S194d 2005</subfield>
    <subfield code="p">BPMSU25060097</subfield>
    <subfield code="r">2025-06-24</subfield>
    <subfield code="w">2025-06-24</subfield>
    <subfield code="y">BK</subfield>
  </datafield>
  <datafield tag="999" ind1=" " ind2=" ">
    <subfield code="c">15203</subfield>
    <subfield code="d">15203</subfield>
  </datafield>
</record>
